000 00750nam a22002417a 4500
005 20170124110035.0
010 _aA-710324
020 _c175.00
_a8185182477
035 _aA-710324
037 _bCen Lib/Ret
040 _aDPL
_bEN
082 _a301.153
_bBHA
100 _aBharathi, K.S.
_922587
245 _aGandhi and Nehru /
_cby K.S. Bharathi
260 _aNew Delhi
_bIndus Publishing Conpany
_c1990
270 _aFS-5, Tagore Garden
_bNew Delhi
_e110027
300 _a174p.
_c21cm(Hb)
500 _aIncludes bibliographical references and index.
650 _aGandhi, Mahatma, 1869-1948
_922588
650 _aNehru, Jawaharlal, 1889-1964
_922589
650 _aWomen's rights
_93897
942 _2ddc
_cEN
_h301.153
_mBHA
999 _c128168
_d128168